000 00290cam a22001097a 4500
008 180718b1962 xxu||||| |||| 00| 0 eng d
082 _aR112x45 Ot8
100 _aOttieri, Ottiero
245 _aMen at the gate
_cby Ottiero Ottieri
260 _aLondon
_bVictor Gollancz
_c1962
300 _a173p.
999 _c434332
_d434332